Nommez un Mot 5 Lettres Valide contenant une Séquence Aléatoire - Statistiques

Statistiques générales
  • Ce quiz a été pris 1 358 fois
  • Le résultat moyen est 28 sur 50
Réponses sur la Carte
Les réponses sont colorées sur une échelle allant du rouge au vert en fonction du pourcentage des utilisateurs qui les ont devinées à leur premier essai. Vous pouvez retrouver ces pourcentages ci-dessous.
 
Statistiques - réponses
Lettres % Correct
AGE
93%
RIM
93%
DEN
92%
HI
92%
PI
92%
PIP
92%
RSE
92%
EUR
91%
TAP
91%
CO
90%
IV
90%
BR
89%
DEL
89%
ESE
89%
EU
89%
IL
89%
OY
89%
SSE
89%
UGE
89%
VI
89%
AG
88%
CHA
88%
COT
88%
ES
88%
NTE
88%
OYE
88%
DES
87%
TEN
87%
TO
87%
ALE
86%
ALL
86%
AR
86%
AS
86%
AX
86%
CH
86%
ELI
86%
FE
86%
ILE
86%
IN
86%
JET
86%
LES
86%
OUE
86%
PRO
86%
VE
86%
LO
85%
NIE
85%
RIT
85%
TEZ
85%
AT
83%
AX
83%
BIS
83%
CAV
83%
EN
83%
GRA
83%
LTE
83%
NUE
83%
OIT
83%
OTI
83%
TAS
83%
TIS
83%
AN
82%
MES
82%
OT
82%
OU
82%
TRA
82%
TRO
82%
VES
82%
IO
81%
LER
81%
LI
81%
UIS
81%
AG
80%
AR
80%
ARG
80%
AS
80%
ASS
80%
AVE
80%
BL
80%
CL
80%
DE
80%
GUE
80%
ID
80%
INE
80%
JOU
80%
MIR
80%
NT
80%
OR
80%
PUC
80%
ROM
80%
ANE
79%
CRO
79%
FAR
79%
IRO
79%
ORD
79%
ORN
79%
REE
79%
RIN
79%
RM
79%
RUS
79%
AD
78%
AP
78%
ARM
78%
FU
78%
GA
78%
GAL
78%
GN
78%
HAL
78%
LIN
78%
NA
78%
OM
78%
PIN
78%
RAI
78%
RLE
78%
STO
78%
SU
78%
UA
78%
VE
78%
ZE
78%
ALI
77%
ALO
77%
DON
77%
GI
77%
LO
77%
MAT
77%
PAS
77%
POR
77%
ANG
75%
AR
75%
ARE
75%
BIT
75%
CEL
75%
CH
75%
CR
75%
CT
75%
DAR
75%
DIN
75%
DOU
75%
ED
75%
EST
75%
FA
75%
FRA
75%
GE
75%
GR
75%
GR
75%
IE
75%
IMA
75%
IO
75%
LE
75%
MME
75%
OL
75%
OUE
75%
OX
75%
PR
75%
PRE
75%
RAY
75%
ROD
75%
SA
75%
TI
75%
UAI
75%
UNI
75%
IM
74%
LIE
74%
AU
73%
AV
73%
AVI
73%
CHA
73%
COD
73%
DAI
73%
DOR
73%
EA
73%
EX
73%
HA
73%
HA
73%
IOL
73%
JE
73%
LAI
73%
LAP
73%
LLE
73%
LU
73%
MON
73%
NA
73%
ND
73%
NON
73%
OG
73%
OND
73%
OR
73%
OY
73%
PES
73%
PI
73%
PI
73%
PO
73%
PU
73%
RAC
73%
RE
73%
RM
73%
ROU
73%
SER
73%
TEE
73%
UCE
73%
VOL
73%
CO
72%
EM
72%
IN
72%
LE
72%
OUE
72%
AIR
71%
AL
71%
ALA
71%
AMS
71%
ATE
71%
AUT
71%
BAT
71%
CES
71%
CHI
71%
CI
71%
DEZ
71%
EM
71%
ES
71%
EVA
71%
GES
71%
GU
71%
HA
71%
IP
71%
ISE
71%
ITE
71%
KI
71%
LO
71%
NI
71%
OR
71%
OUC
71%
PAR
71%
PER
71%
PET
71%
PIS
71%
PRI
71%
PU
71%
RD
71%
ROI
71%
SI
71%
TR
71%
VO
71%
VOT
71%
AF
70%
AVO
70%
CO
70%
CUL
70%
CUR
70%
DU
70%
ENU
70%
ETR
70%
FI
70%
HAT
70%
IS
70%
ITA
70%
LE
70%
LS
70%
MAM
70%
NT
70%
OM
70%
OPI
70%
RAT
70%
UR
70%
UV
70%
ACH
69%
AD
69%
AG
69%
AI
69%
AIN
69%
AMA
69%
ATI
69%
AV
69%
BI
69%
BO
69%
CH
69%
CRI
69%
DO
69%
DOS
69%
DU
69%
ENI
69%
FI
69%
GE
69%
GIT
69%
GO
69%
GO
69%
IDE
69%
IP
69%
IT
69%
ITA
69%
ITE
69%
LAT
69%
LOG
69%
LON
69%
LU
69%
OTT
69%
OU
69%
OUL
69%
OUT
69%
PA
69%
PEE
69%
PER
69%
PIA
69%
PIE
69%
RAB
69%
ROB
69%
RR
69%
SA
69%
SCO
69%
TA
69%
TT
69%
UI
69%
UI
69%
UME
69%
UPE
69%
URE
69%
US
69%
VAI
69%
ZE
69%
AV
68%
EUX
68%
IES
68%
IF
68%
IN
68%
TAR
68%
ACE
67%
AIS
67%
AIT
67%
ANT
67%
ATI
67%
BAR
67%
BAT
67%
BE
67%
BI
67%
BL
67%
BLE
67%
BRE
67%
CAM
67%
CER
67%
CHE
67%
CR
67%
DO
67%
DRA
67%
ECO
67%
EE
67%
EGI
67%
EL
67%
ELA
67%
ELA
67%
ELE
67%
ELO
67%
EN
67%
EN
67%
ES
67%
ET
67%
ETE
67%
EU
67%
FES
67%
FO
67%
GL
67%
GL
67%
GOU
67%
GU
67%
IDE
67%
IGN
67%
IL
67%
IME
67%
IVE
67%
JU
67%
LA
67%
LAM
67%
LAV
67%
LEZ
67%
LIA
67%
LIS
67%
LOU
67%
LU
67%
MA
67%
MAL
67%
MAN
67%
MIT
67%
MM
67%
MMA
67%
MO
67%
MPE
67%
MU
67%
MUL
67%
MUR
67%
NCE
67%
NEE
67%
NTE
67%
OBE
67%
OBE
67%
OMB
67%
ON
67%
ONA
67%
OP
67%
OP
67%
OR
67%
OT
67%
OU
67%
OU
67%
PE
67%
PI
67%
PIL
67%
PUR
67%
RE
67%
RG
67%
RI
67%
RIP
67%
RIS
67%
RO
67%
RS
67%
SAN
67%
SC
67%
SE
67%
SS
67%
TE
67%
TO
67%
TOS
67%
TR
67%
UDE
67%
UE
67%
UIE
67%
ULL
67%
UP
67%
US
67%
VA
67%
VER
67%
VES
67%
VI
67%
VO
67%
ABE
65%
AIM
65%
ATE
65%
BOI
65%
BRA
65%
DO
65%
EE
65%
EG
65%
FIL
65%
FLO
65%
ISE
65%
MAR
65%
ND
65%
NG
65%
ONN
65%
PAV
65%
SAU
65%
TAT
65%
TIF
65%
UD
65%
UET
65%
USE
65%
ABO
64%
AID
64%
AMU
64%
AQU
64%
ARC
64%
ARD
64%
ATT
64%
AUS
64%
BIE
64%
BIL
64%
BOU
64%
CA
64%
CAS
64%
CE
64%
CI
64%
CLA
64%
CU
64%
DS
64%
EAN
64%
EF
64%
EL
64%
ER
64%
ERM
64%
ETE
64%
FF
64%
FLU
64%
GA
64%
GUE
64%
HO
64%
HY
64%
IE
64%
IEE
64%
INE
64%
ITE
64%
JO
64%
KI
64%
MA
64%
MEE
64%
MEU
64%
MEZ
64%
NE
64%
NSE
64%
ODE
64%
ONG
64%
OQ
64%
OSE
64%
OT
64%
PA
64%
PAR
64%
PAT
64%
PEN
64%
PON
64%
POU
64%
RAL
64%
RAT
64%
RES
64%
RIA
64%
ROU
64%
SIL
64%
SOU
64%
SSE
64%
TIE
64%
UE
64%
UG
64%
UL
64%
UTE
64%
UX
64%
VEE
64%
VEN
64%
VRA
64%
AIL
63%
ALP
63%
ANS
63%
ARI
63%
AY
63%
BO
63%
BRU
63%
CAL
63%
CRE
63%
CRE
63%
CU
63%
DE
63%
ECH
63%
EPE
63%
ERC
63%
ET
63%
ETA
63%
EV
63%
FF
63%
FLA
63%
FON
63%
ILO
63%
IT
63%
MA
63%
MA
63%
MO
63%
ND
63%
NI
63%
NIS
63%
OD
63%
OL
63%
OLE
63%
OLI
63%
ON
63%
OU
63%
PAN
63%
PO
63%
RIR
63%
RME
63%
RNE
63%
RV
63%
SAL
63%
SAM
63%
SE
63%
TUE
63%
UAT
63%
ULE
63%
UME
63%
URE
63%
VIE
63%
YO
63%
ABR
62%
AM
62%
AVE
62%
BAI
62%
BI
62%
BU
62%
BUT
62%
CA
62%
CA
62%
CAP
62%
ECA
62%
EE
62%
EG
62%
EL
62%
FRI
62%
GIE
62%
HAR
62%
HEL
62%
LIE
62%
LLA
62%
NO
62%
OIN
62%
OMM
62%
ONT
62%
OTO
62%
PL
62%
PR
62%
RI
62%
RO
62%
STE
62%
TA
62%
TEZ
62%
UC
62%
UM
62%
ZI
62%
BE
61%
BU
61%
FL
61%
GN
61%
LP
61%
NNE
61%
OM
61%
OME
61%
RCE
61%
RU
61%
SIN
61%
SU
61%
UMA
61%
VIS
61%
AI
60%
AM
60%
AM
60%
AN
60%
AN
60%
AP
60%
AYE
60%
BIN
60%
BR
60%
CL
60%
CO
60%
DEE
60%
DI
60%
DR
60%
DU
60%
EC
60%
EIN
60%
ERI
60%
ERN
60%
FE
60%
FOR
60%
FR
60%
GOT
60%
HO
60%
HUM
60%
IS
60%
JA
60%
LAS
60%
LUT
60%
MB
60%
MIN
60%
NE
60%
NGE
60%
NO
60%
NU
60%
OE
60%
OIS
60%
OLA
60%
ONS
60%
OV
60%
POT
60%
QU
60%
QUE
60%
RET
60%
RIE
60%
RMA
60%
SAR
60%
SKI
60%
TER
60%
UB
60%
UN
60%
UNE
60%
US
60%
US
60%
UT
60%
VA
60%
VO
60%
ALU
59%
ATS
59%
AZE
59%
CHE
59%
CT
59%
GEZ
59%
HE
59%
IAI
59%
IG
59%
LEU
59%
LI
59%
NC
59%
NS
59%
OP
59%
OS
59%
RI
59%
STE
59%
TAI
59%
TER
59%
UBI
59%
UD
59%
UE
59%
UTT
59%
AC
58%
ACT
58%
AD
58%
ADE
58%
AI
58%
ANN
58%
BAS
58%
BU
58%
CHU
58%
DR
58%
ELU
58%
EN
58%
ETA
58%
FU
58%
GA
58%
GLA
58%
GRE
58%
GRI
58%
HUT
58%
IC
58%
IEN
58%
IEZ
58%
IFF
58%
IRE
58%
LA
58%
LL
58%
MI
58%
NA
58%
NAR
58%
NC
58%
NO
58%
NOU
58%
NU
58%
OI
58%
ON
58%
OQU
58%
OUA
58%
PIC
58%
PU
58%
QU
58%
RAI
58%
RB
58%
RF
58%
RON
58%
SO
58%
SON
58%
SUC
58%
TAT
58%
TET
58%
TU
58%
VAS
58%
VE
58%
VI
58%
ZO
58%
AGI
57%
AGN
57%
AIT
57%
AL
57%
AMB
57%
ANA
57%
AP
57%
APE
57%
AT
57%
BR
57%
CON
57%
CU
57%
DE
57%
EME
57%
FO
57%
GEL
57%
IE
57%
IL
57%
INE
57%
JAS
57%
JO
57%
LIM
57%
LL
57%
LL
57%
MAS
57%
MU
57%
NC
57%
NE
57%
NI
57%
NT
57%
OTA
57%
PLA
57%
QUA
57%
RAS
57%
RC
57%
REM
57%
RGE
57%
RO
57%
SA
57%
SAI
57%
ST
57%
SUR
57%
TE
57%
TOL
57%
UL
57%
UN
57%
VEL
57%
XES
57%
AL
56%
AME
56%
ANT
56%
ARA
56%
ARI
56%
ASH
56%
AU
56%
AVE
56%
BA
56%
BA
56%
BOT
56%
CS
56%
CY
56%
DO
56%
EL
56%
ERO
56%
ET
56%
ETS
56%
EV
56%
EZ
56%
EZ
56%
FA
56%
FA
56%
FOU
56%
FR
56%
GE
56%
GER
56%
HAV
56%
HER
56%
HO
56%
IA
56%
IME
56%
IN
56%
IPE
56%
IS
56%
KA
56%
LE
56%
LG
56%
ME
56%
MEL
56%
MP
56%
NA
56%
NTA
56%
OC
56%
OC
56%
OCA
56%
OCH
56%
OUI
56%
PLI
56%
POS
56%
PPA
56%
RA
56%
RDE
56%
RE
56%
RI
56%
RIO
56%
RL
56%
RON
56%
RT
56%
SER
56%
SES
56%
SK
56%
SPA
56%
TAC
56%
TAX
56%
TEL
56%
TS
56%
UN
56%
UP
56%
UP
56%
UR
56%
AB
55%
ADA
55%
AN
55%
ASE
55%
ATO
55%
DI
55%
FI
55%
GE
55%
GEE
55%
IA
55%
IER
55%
ILL
55%
IQ
55%
IRS
55%
JA
55%
JE
55%
MAS
55%
MBE
55%
MOR
55%
NAI
55%
NDE
55%
NI
55%
NN
55%
NS
55%
ODA
55%
OMA
55%
ONC
55%
PL
55%
POL
55%
QUA
55%
REZ
55%
RU
55%
TIR
55%
UIL
55%
AC
54%
ACH
54%
AG
54%
ARE
54%
AT
54%
CE
54%
CH
54%
DIT
54%
EM
54%
FU
54%
GI
54%
IC
54%
IV
54%
LAI
54%
MET
54%
MO
54%
MUS
54%
NG
54%
OLO
54%
ONE
54%
OTS
54%
REN
54%
RN
54%
ROC
54%
RS
54%
RUE
54%
TA
54%
TAS
54%
TUS
54%
UCH
54%
UIT
54%
UL
54%
VE
54%
VET
54%
AFF
53%
AGA
53%
ALT
53%
AR
53%
ARD
53%
AVA
53%
BAC
53%
BEL
53%
BEN
53%
BL
53%
BOR
53%
CA
53%
CI
53%
COL
53%
COP
53%
CR
53%
ETU
53%
FLE
53%
HAN
53%
ILA
53%
IM
53%
IS
53%
IVA
53%
LES
53%
LI
53%
NA
53%
NAT
53%
NE
53%
NGS
53%
OB
53%
OI
53%
OND
53%
OUR
53%
OUT
53%
OVA
53%
PE
53%
PP
53%
RAI
53%
RC
53%
RE
53%
REL
53%
RIV
53%
RRA
53%
SAL
53%
SEX
53%
SU
53%
TAI
53%
TI
53%
TI
53%
TON
53%
TR
53%
UA
53%
UC
53%
UE
53%
UEE
53%
UM
53%
VIR
53%
YAS
53%
BA
52%
DE
52%
GEN
52%
MEN
52%
RU
52%
AB
50%
AGE
50%
AI
50%
AK
50%
AL
50%
ALE
50%
ALE
50%
AMP
50%
AN
50%
ANC
50%
ANT
50%
AP
50%
APE
50%
ARO
50%
AS
50%
AU
50%
AUX
50%
AY
50%
BA
50%
BE
50%
BRI
50%
CE
50%
CL
50%
COR
50%
COU
50%
CR
50%
DAM
50%
DAT
50%
DI
50%
DI
50%
DIS
50%
EB
50%
EB
50%
EBE
50%
EC
50%
ED
50%
EDI
50%
EE
50%
EE
50%
ELE
50%
EMI
50%
ENA
50%
END
50%
ENE
50%
ENN
50%
ENT
50%
ERE
50%
ES
50%
EU
50%
EU
50%
EUL
50%
EV
50%
EX
50%
EX
50%
FA
50%
FE
50%
FEL
50%
FER
50%
FL
50%
FR
50%
FRE
50%
FT
50%
GAM
50%
GAT
50%
GE
50%
GIR
50%
GLO
50%
GO
50%
GON
50%
HE
50%
HE
50%
HU
50%
IA
50%
ID
50%
IDA
50%
IE
50%
IGE
50%
IM
50%
INC
50%
IR
50%
IRE
50%
IRE
50%
ISO
50%
ISS
50%
ITR
50%
ITS
50%
IXA
50%
IXE
50%
JA
50%
JO
50%
KE
50%
LA
50%
LAS
50%
LI
50%
LI
50%
LOC
50%
LOS
50%
LUE
50%
LUM
50%
LUS
50%
LUX
50%
MA
50%
MB
50%
ME
50%
ME
50%
MER
50%
MI
50%
MIS
50%
MO
50%
MOI
50%
MP
50%
MU
50%
NDO
50%
NER
50%
NF
50%
NO
50%
NS
50%
NT
50%
NU
50%
OB
50%
OF
50%
OLE
50%
ON
50%
OPA
50%
OS
50%
OTE
50%
OUR
50%
PEZ
50%
PO
50%
POI
50%
PP
50%
PT
50%
QU
50%
QUE
50%
RA
50%
RA
50%
RAN
50%
RDA
50%
REC
50%
REG
50%
REP
50%
RES
50%
RIE
50%
RN
50%
RNA
50%
RO
50%
ROL
50%
ROS
50%
RTS
50%
RUI
50%
RUM
50%
SAT
50%
SC
50%
SE
50%
SE
50%
SES
50%
SEZ
50%
SOL
50%
SP
50%
SS
50%
SUP
50%
TA
50%
TAN
50%
TCH
50%
TE
50%
TES
50%
TH
50%
TIN
50%
TO
50%
TOM
50%
TS
50%
TTA
50%
TU
50%
UAN
50%
UB
50%
UG
50%
UI
50%
UIR
50%
UL
50%
UM
50%
UR
50%
URS
50%
US
50%
USE
50%
UT
50%
UT
50%
UTE
50%
UX
50%
VA
50%
VID
50%
VIT
50%
VOU
50%
WI
50%
GLE
48%
ORE
48%
OXE
48%
RG
48%
RI
48%
URI
48%
ABL
47%
ADI
47%
AIE
47%
AIS
47%
ARR
47%
AT
47%
AU
47%
BAN
47%
BO
47%
CH
47%
CTE
47%
EP
47%
ESA
47%
FS
47%
HE
47%
IGU
47%
IRA
47%
IV
47%
MAC
47%
MB
47%
MI
47%
OCS
47%
OIL
47%
PIT
47%
PR
47%
RA
47%
RAD
47%
RAG
47%
REE
47%
RT
47%
SSA
47%
STA
47%
TA
47%
TE
47%
TER
47%
TOU
47%
UA
47%
ULE
47%
UTA
47%
UVE
47%
YA
47%
YE
47%
ABI
46%
ACS
46%
AMA
46%
ASA
46%
AVA
46%
BET
46%
BUS
46%
CAN
46%
CK
46%
EI
46%
ENE
46%
EP
46%
ETO
46%
EVE
46%
GAN
46%
HI
46%
HU
46%
IA
46%
IOD
46%
ISA
46%
IT
46%
LA
46%
LM
46%
LS
46%
MIE
46%
NES
46%
NK
46%
ORE
46%
OUD
46%
PA
46%
PO
46%
RAP
46%
SE
46%
TIP
46%
TRI
46%
TS
46%
UA
46%
UR
46%
UT
46%
XE
46%
ALS
45%
AM
45%
BI
45%
CUS
45%
DA
45%
DS
45%
EA
45%
ECU
45%
EES
45%
ENT
45%
EPA
45%
ER
45%
ERS
45%
HA
45%
IES
45%
IPP
45%
KS
45%
LAR
45%
LEV
45%
NOT
45%
NS
45%
OSA
45%
OUS
45%
OYA
45%
PAI
45%
RAV
45%
RRE
45%
RT
45%
SO
45%
TES
45%
TOR
45%
TTE
45%
UBA
45%
UFS
45%
UTS
45%
XER
45%
ABA
44%
AL
44%
ALL
44%
ASS
44%
AST
44%
AT
44%
AXE
44%
DOL
44%
EC
44%
ELS
44%
EM
44%
EMA
44%
ENT
44%
EPI
44%
ER
44%
ERR
44%
ET
44%
FIE
44%
FUS
44%
GO
44%
GOL
44%
GS
44%
IAN
44%
IG
44%
INS
44%
INT
44%
IT
44%
IX
44%
KIF
44%
LAC
44%
LE
44%
LIT
44%
LOT
44%
LOU
44%
MOU
44%
NG
44%
OG
44%
OI
44%
OIE
44%
OIR
44%
OX
44%
PL
44%
RES
44%
RID
44%
RIS
44%
ROT
44%
SEN
44%
SO
44%
TAL
44%
TES
44%
TIS
44%
TT
44%
VE
44%
YL
44%
AIR
43%
AS
43%
ASE
43%
AV
43%
AZ
43%
CAL
43%
CHO
43%
DIE
43%
DS
43%
EGA
43%
EGE
43%
ET
43%
ETI
43%
EZ
43%
GEA
43%
GI
43%
GR
43%
HAI
43%
IE
43%
IRA
43%
IS
43%
LO
43%
OD
43%
OPE
43%
ORA
43%
OT
43%
OTE
43%
PH
43%
SA
43%
SA
43%
SIE
43%
SS
43%
ST
43%
TT
43%
UBE
43%
UM
43%
VR
43%
XAI
43%
AIN
42%
ANO
42%
AZ
42%
BO
42%
CA
42%
CAT
42%
DER
42%
EAU
42%
EK
42%
GA
42%
IB
42%
ID
42%
INA
42%
ING
42%
MAN
42%
MM
42%
MU
42%
NES
42%
OA
42%
OG
42%
OGE
42%
OV
42%
OY
42%
RAM
42%
RD
42%
SO
42%
SP
42%
TH
42%
TON
42%
VA
42%
VER
42%
VEZ
42%
YS
42%
ZE
42%
AY
41%
IT
41%
UAS
41%
UTA
41%
YA
41%
AB
40%
AC
40%
ACA
40%
AH
40%
ANA
40%
APP
40%
AR
40%
ASI
40%
ASP
40%
AUD
40%
AUR
40%
BLA
40%
BON
40%
CE
40%
CLO
40%
DEC
40%
DUR
40%
EA
40%
EG
40%
ELL
40%
EO
40%
ERA
40%
FL
40%
GAR
40%
HI
40%
IAT
40%
INS
40%
JU
40%
KA
40%
KE
40%
LAY
40%
LU
40%
NDA
40%
NDS
40%
NEZ
40%
OD
40%
ODE
40%
OS
40%
OT
40%
PE
40%
PEL
40%
RAS
40%
RR
40%
SM
40%
SS
40%
ST
40%
TO
40%
TOP
40%
TR
40%
TRE
40%
TYP
40%
USA
40%
VIN
40%
XI
40%
ADO
39%
BES
39%
EGU
39%
ER
39%
SI
39%
UC
39%
AC
38%
AGU
38%
AOU
38%
API
38%
ATA
38%
AZO
38%
CKS
38%
CO
38%
CRA
38%
DA
38%
DA
38%
DA
38%
EFI
38%
ERE
38%
EXE
38%
EZ
38%
FAN
38%
FO
38%
HU
38%
IC
38%
IG
38%
IL
38%
IND
38%
IR
38%
IR
38%
IR
38%
IZ
38%
LB
38%
MBA
38%
MI
38%
NDU
38%
NE
38%
OC
38%
ON
38%
OS
38%
RA
38%
RDS
38%
SEE
38%
TRA
38%
UON
38%
UR
38%
URA
38%
VAL
38%
VI
38%
YER
38%
ZA
38%
AB
36%
AH
36%
AMI
36%
AND
36%
ANI
36%
AYA
36%
CHE
36%
ECR
36%
EF
36%
EN
36%
ENS
36%
EVI
36%
GG
36%
HOU
36%
IF
36%
IF
36%
ILE
36%
IN
36%
JU
36%
LA
36%
NAL
36%
OO
36%
OUP
36%
PAL
36%
RAS
36%
RD
36%
SIT
36%
SPI
36%
ST
36%
TS
36%
UER
36%
UEZ
36%
UO
36%
VU
36%
XE
36%
YA
36%
ZON
36%
LIR
35%
LY
35%
OR
35%
UCA
35%
UV
35%
YE
35%
ACK
33%
ACO
33%
AD
33%
ANS
33%
APA
33%
APO
33%
BA
33%
BE
33%
BRO
33%
CED
33%
EES
33%
EI
33%
EL
33%
ER
33%
ES
33%
EXI
33%
GLU
33%
HOT
33%
ICH
33%
ICS
33%
IEZ
33%
IP
33%
KO
33%
LAN
33%
LEE
33%
LES
33%
LET
33%
LO
33%
LT
33%
LT
33%
LV
33%
MAT
33%
ME
33%
ME
33%
NCA
33%
NUS
33%
OI
33%
ORT
33%
OUA
33%
PA
33%
PES
33%
PPE
33%
PS
33%
REA
33%
RO
33%
RTE
33%
SH
33%
SI
33%
TC
33%
TE
33%
TTE
33%
TU
33%
UE
33%
URA
33%
XE
33%
AQ
32%
XO
32%
ARS
31%
ED
31%
ELE
31%
IX
31%
KI
31%
LLS
31%
NN
31%
OLL
31%
OSS
31%
PA
31%
REV
31%
RS
31%
SL
31%
UI
31%
XEE
31%
AGO
30%
AI
30%
CAR
30%
CIR
30%
FS
30%
GNE
30%
IEU
30%
IO
30%
ION
30%
MES
30%
OVE
30%
SH
30%
UF
30%
USS
30%
AME
29%
ATA
29%
BER
29%
BY
29%
DE
29%
GNA
29%
LIC
29%
MAI
29%
NGO
29%
OL
29%
OL
29%
PE
29%
PE
29%
RU
29%
RY
29%
UZ
29%
ENO
28%
AE
27%
AK
27%
ART
27%
AS
27%
EP
27%
ESS
27%
IK
27%
INA
27%
IPA
27%
ISE
27%
KO
27%
LLE
27%
LOB
27%
TEE
27%
AW
25%
CLE
25%
COS
25%
GRE
25%
IB
25%
KS
25%
OS
25%
RE
25%
SUI
25%
TI
25%
TIT
25%
ULA
25%
ZA
25%
PS
24%
XA
24%
HS
23%
INO
23%
OST
23%
UG
23%
ALA
22%
CS
22%
FET
22%
ONS
22%
RER
22%
SAS
22%
UMS
22%
AJ
21%
AO
21%
CK
21%
CS
21%
DAS
21%
FFE
21%
LAT
21%
MS
21%
OTA
21%
SAI
21%
WA
21%
YR
21%
CHA
20%
DJ
20%
EDE
20%
ERA
20%
GU
20%
LS
20%
NTS
20%
ORI
20%
RED
20%
RK
20%
UPA
20%
YS
20%
AUN
18%
CC
18%
GS
18%
KR
18%
LD
18%
NDI
18%
OK
18%
YE
18%
ZO
18%
DRE
17%
EZ
17%
NAS
17%
PAT
17%
TY
17%
URO
17%
WE
17%
GAS
14%
KH
14%
LUA
14%
MY
13%
UES
13%
UNA
13%
AF
11%
IAS
11%
JI
11%
OB
11%
XA
11%
XAS
11%
FAT
10%
BS
9%
IFE
9%
KA
9%
EC
0%
GUA
0%
MS
0%
OBA
0%
OUM
0%
UK
0%
VAT
0%
YP
0%
Aucun quiz correspondant
Distribution des résultats
% des personnes avec chaque résultat
Percentile par nombre de réponses
Votre historique - résultats
Vous n’avez pas pris ce quiz